000 00324nam a2200145Ia 4500
003 OSt
008 191201s2002 xx 000 0 und d
082 _a658.076
_bSIB
100 _aSINGH, Joginder
245 0 _aBelling the Cat
260 _aNew Delhi
_bExcel Books
_c2002
300 _a146
650 _aMBA
942 _2ddc
_cBK
999 _c2719
_d2719